000 00312nam a2200145Ia 4500
100 _aNitesh Bansal
650 _amobile communication
942 _cBK
245 _aMobile communication and computing
260 _bNandu
_c2016
082 _a621.382
_bNIT
300 _a228
546 _aENGLISH
999 _c24101
_d24101